Normal view MARC view

Entry Geographic Name

Number of records used in: 1

001 - CONTROL NUMBER

  • control field: 442016

003 - CONTROL NUMBER IDENTIFIER

  • control field:

005 - DATE AND TIME OF LATEST TRANSACTION

  • control field: 20210602130115.0

008 - FIXED-LENGTH DATA ELEMENTS

  • fixed length control field: 210602|| aca||aabn | a|a d

040 ## - CATALOGING SOURCE

  • Original cataloging agency:
  • Transcribing agency:

151 ## - HEADING--GEOGRAPHIC NAME

  • Geographic name: Deccan (India)
  • Form subdivision: Biography

670 ## - SOURCE DATA FOUND

  • Source citation: Work cat.: (): Eaton, Richard M. (Richard Maxwell) 436525, A social history of the Deccan, 1300-1761 :, 2005
                                                                           
web counter

Copyright ©2020 The National Library of India, Govt. of India ↔ Hosted by NVLI, MOC ↔ Technology and Design by National Library of India, Ministry of Culture, Govt. of India